书目信息 |
| 题名: |
天才雷普利
|
|
| 作者: | 海史密斯 著 ;赵挺 译 | |
| 分册: | ||
| 出版信息: | 上海 上海译文出版社 2020.05 |
|
| 页数: | 5册 | |
| 开本: | 21cm | |
| 丛书名: | 雷普利全集 | |
| 单 册: | ||
| 中图分类: | I712.45 | |
| 科图分类: | ||
| 主题词: | 犯罪小说--fan zui xiao shuo--美国--现代 , 长篇小说--chang pian xiao shuo--美国--现代 | |
| 电子资源: | ||
| ISBN: | 978-7-5327-8302-1 | |
| 000 | 01488nam0 2200277 450 | |
| 001 | CAL 0120203004763 | |
| 005 | 20200714180142.2 | |
| 010 | @a978-7-5327-8302-1@dCNY77.60 | |
| 100 | @a20200714d2020 em y0chiy0120 ea | |
| 101 | 1 | @achi@ceng |
| 102 | @aCN@b310000 | |
| 105 | @ay z 000ay | |
| 106 | @ar | |
| 200 | 1 | @a天才雷普利@Alei pu li quan ji@f(美) 帕特里夏·海史密斯著@d= The complete Ripley novels@fPatricia Highsmith@g赵挺等译@zeng |
| 210 | @a上海@c上海译文出版社@d2020.05 | |
| 215 | @a5册@d21cm | |
| 225 | @a雷普利全集 | |
| 330 | @a本书收录《天才雷普利》《地下雷普利》《雷普利游戏》《跟踪雷普利》和《水魅雷普利》共五册。主人公汤姆·雷普利出身贫寒, 早早参透人情冷暖, 却不肯向命运妥协。他心思缜密、天赋异禀, 在各种阶层的各种角色间来回穿梭且游刃有余 ; 他对女人和男人都极富魅力, 但在内心深处, 却对他们怀有最复杂、最强烈的爱与恨。在这套《雷普利全集》中, 雷普利始终在光明与黑暗之间徘徊, 在“无间道”中经历“一念天堂一念地狱”的考验, 带着“案底”逍遥法外, 并在此后的连锁反应中犯下新的罪孽。在世时, 海史密斯曾以《天才雷普利》及《双面门神》分获法国侦探文学奖、爱伦坡奖以及英国犯罪作家协会颁发的银匕首奖。 | |
| 500 | 10 | @aComplete Ripley novels@mChinese |
| 606 | 0 | @a犯罪小说@Afan zui xiao shuo@y美国@z现代 |
| 606 | 0 | @a长篇小说@Achang pian xiao shuo@y美国@z现代 |
| 690 | @aI712.45@v5 | |
| 701 | 1 | @a海史密斯@Ahai shi mi si@g(Highsmith, Patricia),@f1921-@4著 |
| 702 | 0 | @a赵挺@Azhao ting@4译 |
| 801 | 0 | @aCN@b人天书店@c20200714 |
| 905 | @aTSG@b0001348@dI712.45@eH049:4@f1 | |
| 天才雷普利/(美) 帕特里夏·海史密斯著= The complete Ripley novels/Patricia Highsmith/赵挺等译.-上海:上海译文出版社,2020.05 |
| 5册;21cm.-(雷普利全集) |
| ISBN 978-7-5327-8302-1:CNY77.60 |
| 本书收录《天才雷普利》《地下雷普利》《雷普利游戏》《跟踪雷普利》和《水魅雷普利》共五册。主人公汤姆·雷普利出身贫寒, 早早参透人情冷暖, 却不肯向命运妥协。他心思缜密、天赋异禀, 在各种阶层的各种角色间来回穿梭且游刃有余 ; 他对女人和男人都极富魅力, 但在内心深处, 却对他们怀有最复杂、最强烈的爱与恨。在这套《雷普利全集》中, 雷普利始终在光明与黑暗之间徘徊, 在“无间道”中经历“一念天堂一念地狱”的考验, 带着“案底”逍遥法外, 并在此后的连锁反应中犯下新的罪孽。在世时, 海史密斯曾以《天才雷普利》及《双面门神》分获法国侦探文学奖、爱伦坡奖以及英国犯罪作家协会颁发的银匕首奖。 |
| ● |
| 相关链接 |
|
|
|
正题名:天才雷普利
索取号:I712.45/H049:4
 
预约/预借
| 序号 | 登录号 | 条形码 | 馆藏地/架位号 | 状态 | 备注 |
| 1 | 1533984 | 215339845 | 文学库116/116文学库 27排1列5层/ [索取号:I712.45/H049:4] | 在馆 |